Hölderlin y los griegos

Saved in:
Bibliographic Details
Main Author: Mas, Salvador (autor)
Format: Book
Language:Spanish
Published: Madrid Visor 1999
Series:La Balsa de la Medusa, 96
Subjects:
Tags: Add Tag
No Tags, Be the first to tag this record!

MARC

LEADER 00000nam a2200000 a 4500
001 UCK5584
003 CL-VaPUC
008 050805e19990000SP |||||||||||||||||spa|d
020 |a 847774596X 
082 0 4 |a 831.09  |b MAS  |2 21 
100 |a Mas, Salvador  |e autor  |9 494420 
245 1 0 |a Hölderlin y los griegos 
300 |a 158 p 
942 |c BK 
945 |d 20050805 00:00:00  |a jcarroza 
260 |a Madrid  |b Visor  |c 1999 
650 7 |a POESIA ALEMANA  |2 CL-VaPUC  |9 494421 
650 0 |a Literatura alemana   |9 265457 
650 0 |a Filosofía alemana   |9 265002 
650 7 |a GRECIA CLASICA  |2 CL-VaPUC  |9 433640 
583 |a last modification  |c 20050805 00:00:00  |k Rodrigo Vera 
490 0 |a La Balsa de la Medusa, 96 
999 |c 314086  |d 314084 
952 |0 0  |1 0  |4 0  |6 831_090000000000000_MAS_1999  |7 0  |8 A  |9 385993  |a BIBART  |b BIBART  |d 2019-11-22  |i 4149610  |o 831.09 MAS 1999  |p 4149610  |r 2025-03-13  |w 2019-11-22  |y BK  |k ART